| 000 | 00967nam a2200229Ia 4500 | ||
|---|---|---|---|
| 003 | Ost | ||
| 005 | 20260507075002.0 | ||
| 008 | 260507s9999||||xx |||||||||||||| ||und|| | ||
| 020 | _a9773790119 | ||
| 040 | _cfsecg | ||
| 041 | _aara | ||
| 082 | _a647.94 | ||
| 100 |
_aابوزيد، محمد احمد _eمؤلف |
||
| 245 | 0 |
_aالاحصاء السياحى والفندقى / _c محمد احمد ابوزيد |
|
| 260 |
_aالاسكندرية: _bدار الفكر الجامعي, _c2007 |
||
| 300 |
_a171 صفحة؛ _bإيضاحات ؛ _c24 سم |
||
| 504 | _aبيبليوغرافيا: ص. 171 | ||
| 520 | _aتعاريف احصائية، مقاييس النزعة المركزية، مقاييس التشتت، الارتباط و الانحدار، السلاسل الزمنية، الأرقام االقياسية. | ||
| 653 | _aالإحصاء - المعاملات الإرتباطية | ||
| 653 | _aالفنادق والسياحة | ||
| 942 | _cكتاب | ||
| 999 |
_c42080 _d42080 |
||